Biggest Cities/Towns in Slovenia - Statistics

General Stats
  • This quiz has been taken 17 times
  • The average score is 7 of 10
Answer Stats
Population Urban Area % Correct
285,604 Ljubljana
100%
97,019 Maribor
94%
37,392 Celje
88%
26,054 Koper
75%
18,004 Ptuj
69%
25,538 Velenje
63%
38,024 Kranj
56%
23,878 Novo Mesto
50%
13,902 Kamnik
38%
13,742 Trbovlje
31%
No matching quizzes found
Score Distribution
Percent of People with Each Score
Percentile by Number Answered
Your Score History
You have not taken this quiz